| 000 | 00460nam a2200169 a 4500 | ||
|---|---|---|---|
| 005 | 20220808141155.0 | ||
| 008 | 991125s1944 mx 000 0 spa u | ||
| 035 | _aUPN01000004404 | ||
| 049 | _aCG | ||
| 050 | 4 |
_aQA135 _bA5.2 |
|
| 100 | 1 | _aAnguiano, Manuel | |
| 245 | 1 | 0 |
_aAritmética elemental / _cManuel Anguiano. |
| 260 |
_aCd. Juárez, Chih. : _bAnguiano, _c1944. |
||
| 300 | _a151 p. | ||
| 650 | 4 |
_aAritmética _xEstudio y enseñanza _97853 |
|
| 905 | _aLibro | ||
| 999 |
_c4404 _d4404 |
||